| 000 | 00473nam a22001697a 4500 | ||
|---|---|---|---|
| 003 | NUST - PNEC | ||
| 005 | 20170116180948.0 | ||
| 008 | 150908b xxu||||| |||| 00| 0 eng d | ||
| 020 | _a9788131708453 | ||
| 040 | _cLIBRARY | ||
| 082 | _a621.381535 STA | ||
| 100 |
_99026 _aStanley, William D. |
||
| 245 |
_aOperational amplifiers with linear integrated circuits _cWilliam D Stanley, |
||
| 260 | _cc.2002 | ||
| 650 |
_99023 _aElectrical engineering _xEE |
||
| 942 |
_2ddc _cBK |
||
| 999 |
_c66343 _d66343 |
||